| 000 | 00371 a2200157 4500 | ||
|---|---|---|---|
| 003 | Nust | ||
| 005 | 20230213135648.0 | ||
| 040 | _cNust | ||
| 082 | _a297,RAB | ||
| 100 |
_aRabbi, Fazlee _9109019 |
||
| 245 |
_aHarbe-i- Islami Aur Difa-i- Pakistan / _cLt Col Fazl-i-Rabbi, |
||
| 260 |
_a GHQ _b Cannt |
||
| 300 | _a231:p | ||
| 650 |
_aDefence _9105805 |
||
| 942 |
_2ddc _cBK |
||
| 999 |
_c187769 _d187769 |
||